|
|
|
|
| LEADER |
00000nam2a2200000 4500 |
| 001 |
205319 |
| 005 |
20231101225255.0 |
| 035 |
|
|
|a (RuTPU)RU\TPU\book\223778
|
| 035 |
|
|
|a RU\TPU\book\223772
|
| 090 |
|
|
|a 205319
|
| 100 |
|
|
|a 20111208d1927 k y0rusy50 ca
|
| 101 |
0 |
|
|a rus
|
| 102 |
|
|
|a RU
|
| 105 |
|
|
|a ab z 000zy
|
| 200 |
0 |
|
|a № 50: Отчет о состоянии и деятельности Дальневосточного Отделения Геологического комитета за 1926 год
|
| 210 |
|
|
|d 1927
|
| 215 |
|
|
|a 64 с.
|c карта
|
| 317 |
|
|
|5 63413507: КР-822
|a Поступила в НТБ в 2004 г. в составе книжного собрания профессора ТПИ К. В. Радугина
|
| 320 |
|
|
|a Библиогр. в тексте
|
| 461 |
|
1 |
|0 (RuTPU)RU\TPU\book\223388
|t Материалы по геологии и полезным ископаемым Дальнего Востока
|f Геологический комитет Дальнего Востока
|v № 50: Отчет о состоянии и деятельности Дальневосточного Геологического комитета за 1926 год
|d 1920-1929
|
| 606 |
1 |
|
|a Геологические организации
|2 stltpush
|3 (RuTPU)RU\TPU\subj\72231
|9 85799
|
| 610 |
1 |
|
|a исследования
|
| 610 |
1 |
|
|a геология
|
| 610 |
1 |
|
|a полезные ископаемые
|
| 610 |
1 |
|
|a Дальний Восток
|
| 610 |
1 |
|
|a библиотека К. В. Радугина
|
| 610 |
1 |
|
|a библиотека М. А. Усова
|
| 675 |
|
|
|a 550.8.02:658
|v 3
|
| 801 |
|
1 |
|a RU
|b 63413507
|c 20040406
|g PSBO
|
| 801 |
|
2 |
|a RU
|b 63413507
|c 20170427
|g PSBO
|
| 942 |
|
|
|c BK
|